| 000 | 00403nam a2200157Ia 4500 | ||
|---|---|---|---|
| 008 | 230524s9999 xx 000 0 und d | ||
| 082 |
_a658.43 _bLIN |
||
| 100 |
_aM.Balkanski and R.F.Wallis _931139 |
||
| 245 | 0 | _aSemiconductor Physics and Applications | |
| 250 | _a4TH | ||
| 260 |
_aNEW DELHI _bOxford _c2006 |
||
| 300 | _aXI;856 | ||
| 500 | _aQuantity Number: 1 | ||
| 650 | _aPhysics | ||
| 942 | _cBK | ||
| 999 |
_c44307 _d44307 |
||